ბათუმის შოთა რუსთაველის სახელმწიფო უნივერსიტეტის ბიბლიოთეკა

Decision-making institutions of the European Union : (ბიბ.ჩანაწერი № 58778)

000 -ლიდერი
ფიქსირებული სიგრძის საკონტროლო ველი 00892nam a22002177a 4500
003 - საკონტროლო ნომრის იდენტიფიკატორი
საკონტროლო ველი Ge_BSU
005 - ბოლო ოპერაციის თარიღი და დრო
საკონტროლო ველი 20220727165826.0
008 - ფიქსირებული სიგრძის მონაცემთა ელემენტები - ზოგადი ინფორმაცია
ფიქსირებული სიგრძის საკონტროლო ველი 220722s2021en xxu||||| |||| 00| 0 eng d
020 ## - წიგნის საერთაშორისო სტანდარტული ნომერი
International Standard Book Number 9789941490828
041 ## - ენის კოდი
Language code of text/sound track or separate title geo
080 ## - უნივერსალური ათობითი კლასიფიკაციის ინდექსი
Universal Decimal Classification number 341.217(4) T-29
100 ## - მთავარი ჩანაწერი - პიროვნების სახელი
Personal name Tebidze, Jaba
9 (RLIN) 14471
245 ## - ცნობა სათაურის შესახებ
Title Decision-making institutions of the European Union :
Remainder of title Law and institutional order /
Statement of responsibility, etc Jaba Tebidze.
250 ## - გამოცემის ცნობა
Edition statement 2nd edition.
264 ## - წარმოების, გამოცემის, დისტრიბუციის და სხვა ცნობები
გამოცემის, წარმოების, დისტრიბუციის... ადგილი Tbilisi :
გამოცემის, წარმოების, დისტრიბუციის... სახელწოდება Mtsignobari,
გამოცემის, წარმოების, დისტრიბუციის... თარიღი 2021.
300 ## - ფიზიკური აღწერა
Extent 230 p. ;
Dimensions 20 cm.
505 ## - FORMATTED CONTENTS NOTE
Miscellaneous information ბიბლიოგრაფია: გვ. 222-228.
653 ## - INDEX TERM--UNCONTROLLED
Uncontrolled term ევროკავშირი.
653 ## - INDEX TERM--UNCONTROLLED
Uncontrolled term ევროკავშირის გადაწყვეტილების მიმღები ინსტიტუტები : კანონი და ინსტიტუციური წესრიგი.
942 ## - ADDED ENTRY ELEMENTS (KOHA)
Source of classification or shelving scheme
Koha item type წიგნი
ეგზემპლარები
ჩამოწერის სტატუსი დაკარგული ეგზემპლარის სტატუსი კლასიფიკაციის წყარო ან თაროზე გაწყობის სქემა დაზიანების სტატუსი არ გაიცემა მუდმივი მდებარეობა (დაცვის ადგილი) ამჟამინდელი ადგილსამყოფელი თაროზე განთავსების ადგილი შეძენის თარიღი ღირებულება, შესყიდვის ნორმალური ფასი სრული შენახვის შიფრი შტრიხკოდი ბოლო ოპერაციის თარიღი ეგზემპლარის მიმდევრობითი ნომერი (კეტერი?) ფასის ძალაში შესვლის თარიღი ეგზემპლარის სახეობა საჯარო შენიშვნა
          ბათუმის შოთა რუსთაველის სახელმწიფო უნივერსიტეტის მთავარი ბიბლიოთეკა ბათუმის შოთა რუსთაველის სახელმწიფო უნივერსიტეტის მთავარი ბიბლიოთეკა წიგნსაცავი 2022-07-22 8.00 341.217(4) T-29 63014 2022-07-22 63014 2022-07-22 წიგნი 8.00
          ბათუმის შოთა რუსთაველის სახელმწიფო უნივერსიტეტის მთავარი ბიბლიოთეკა ბათუმის შოთა რუსთაველის სახელმწიფო უნივერსიტეტის მთავარი ბიბლიოთეკა წიგნსაცავი 2022-07-22 8.00 341.217(4) T-29 63015 2022-07-22 63015 2022-07-22 წიგნი 8.00